Countries with the Highest Population Density A-Z - Statistics

General Stats
  • This quiz has been taken 154 times
  • The average score is 16 of 24
Answer Stats
Density Country % Correct
O 14 Oman
91%
V 1,818 Vatican City
90%
Q 228 Qatar
89%
Y 62 Yemen
88%
M 18,589 Monaco
87%
Z 37 Zimbabwe
87%
J 335 Japan
85%
I 404 India
83%
S 7,796 Singapore
81%
H 411 Haiti
76%
U 271 United Kingdom
71%
R 448 Rwanda
69%
B 1,917 Bahrain
68%
D 212 Dominican Republic
63%
N 514 Nauru
63%
K 225 Kuwait
62%
A 195 Antigua and Barbuda
58%
E 313 El Salvador
53%
G 300 Grenada
51%
C 422 Comoros
49%
L 596 Lebanon
47%
P 351 Philippines
45%
F 145 Federated States of Micronesia
44%
T 651 Taiwan
44%
No matching quizzes found
Score Distribution
Percent of People with Each Score
Percentile by Number Answered
Your Score History
You have not taken this quiz